hard times - ethel cain - Statistics

General Stats
  • This quiz has been taken 25 times
  • The average score is 229 of 238
Answer Stats
Answer % Correct
a
100%
all
100%
am
100%
and
100%
bad
100%
bad)
100%
be
100%
be)
100%
birthday
100%
could
100%
daddy
100%
dancing
100%
do
100%
get
100%
girl
100%
good
100%
guy
100%
guys
100%
happy
100%
her
100%
i
100%
(i
100%
ill
100%
im
100%
in
100%
it
100%
leave
100%
little
100%
love
100%
me
100%
my
100%
needs
100%
not
100%
notice
100%
of
100%
on
100%
real
100%
(real
100%
some
100%
still
100%
that
100%
the
100%
things
100%
thought
100%
tired
100%
to
100%
too
100%
types
100%
was
100%
where
100%
who
100%
you
100%
young
100%
about
95%
cause
95%
corner
95%
ends
95%
happiness
95%
hate
95%
how
95%
make
95%
move
95%
poison
95%
pretend
95%
right
95%
scares
95%
story
95%
tell
95%
there
95%
this
95%
tied
95%
under
95%
unhappy
95%
want)
95%
water
95%
with
95%
youre
95%
dies
90%
doing
90%
just
90%
leaves
90%
like
90%
watched
90%
(bleeding
86%
hide
86%
id
86%
lay
86%
praying
86%
whenever
86%
eighteen
81%
going
81%
nine
81%
sleep)
81%
sleep
81%
can
76%
wanna
76%
are)
71%
(its
71%
(please
71%
way
71%
grass
67%
oh
48%
(dont
38%
No matching quizzes found
Score Distribution
Percent of People with Each Score
Percentile by Number Answered
Your Score History
You have not taken this quiz